000 00522nam a2200181Ia 4500
001 8340
005 20260306160602.0
008 260306t1996||||xx |||||||||||||| ||spa||
041 _aESP
082 _a370.1934
_bM96
100 _aMuñoz Izquierdo, Carlos
_eAUT
245 0 _aOrigen y consecuencias de las desigualdades educativas:
_binvestigaciones realizadas en América Latina sobre el problema
260 _c1996
300 _a235 páginas :
_c21 cm.
650 _aGEN
654 _aCED
942 _cLIB
_dJUS
_fJUS
_2ddc
_n
999 _c8340
_d8340